Formulación y evaluación de proyectos de inversión para principiantes /

En esta obra se describe qué son los proyectos de inversión, analizando su origen, los niveles de profundidad en las investigaciones o niveles del proyecto, haciendo también referencia a otros temas como estudios de mercado, localización, selección y elementos que definen el proyecto, así como su or...

ver descrição completa

Na minha lista:
Detalhes bibliográficos
Autor principal: Hernández Hernández, Abraham (autor)
Outros Autores: Hernández Villalobos, Abraham (autor) (autor)
Formato: Livro
Idioma:espanhol
Publicado em: México : ECAFSA, 2001, c2001
Edição:4a edición
Assuntos:
Tags: Adicionar Tag
Sem tags, seja o primeiro a adicionar uma tag!

MARC

LEADER 00000nam^a2200000^a^4500
001 000165181
005 20250521000000.0
009 20260310101008.145
020 |a 970-686-167-X 
037 |a Acervo ITESO - Biblioteca 
041 |a ESP 
082 |a 658. 152  |b HER 
100 |a Hernández Hernández, Abraham  |e (autor) 
245 1 0 |a Formulación y evaluación de proyectos de inversión para principiantes /  |c A. Hernández Hernández, A. Hernández Villalobos. 
250 |a 4a edición 
264 4 |a México :  |b ECAFSA,  |c 2001, c2001 
300 |a 430 p. 
336 |a texto  |b txt  |2 rdacontenido 
337 |a sin mediación  |b n  |2 rdamedio 
338 |a volumen  |b nc  |2 rdasoporte 
520 |a En esta obra se describe qué son los proyectos de inversión, analizando su origen, los niveles de profundidad en las investigaciones o niveles del proyecto, haciendo también referencia a otros temas como estudios de mercado, localización, selección y elementos que definen el proyecto, así como su organización y administración. 
649 |a XX 
650 |a Empresas -  |x Administración 
650 |a Costos 
650 |a Inversiones 
650 |a Investigación de Mercado 
650 |a Planeación de una Industria 
650 |a Aceptabilidad Financiera 
650 |a Factibilidad Funcional 
650 |a Planeación Económica 
650 |a Ingeniería Económica 
650 |a Contabilidad Financiera 
650 |a Administración Financiera 
650 |a Administración de Proyectos 
650 |a Ingeniería Industrial 
650 |a Ciencias Administrativas 
700 |a Hernández Villalobos, Abraham  |e (autor) 
910 |a Fondo General 
920 |a Impresos - Libros 
930 |a Colección General 
905 |a 101 
901 |a 0500099586  |b IT1  |c ACC  |u 20250521 
901 |a 0500099597  |b IT1  |c ACC  |u 20250521 
901 |a 0500100759  |b IT1  |c ACC  |u 20250521 
901 |a 0500100744  |b IT1  |c ACC  |u 20250521 
901 |a 0500100750  |b IT1  |c ACC  |u 20250521 
902 |a https://opac.biblio.iteso.mx/vufind/Record/000165181